000 00649cab a2200193 4500
001 ##L133981
008 060627n2006 000 0 eng u
035 _a(Sirsi) u133981
041 0 _aeng
100 1 _aWeight, David
245 0 0 _aWhole-life costs
_bconcrete vs steel
260 _c2006
490 0 _aBuilding
_v271(8436) 23 June 2006, 82-88(7)
520 _aEvaluates the environmental, capital cost and lifetime cost differences between a steel and concrete frame office building. Contains tables, bar charts and costings.
590 _aIKA040706
651 4 _aInternational
690 _aBUILT ENVIRONMENT-BUILDING COSTS
942 _n0
999 _c77304
_d77304